Random Footballteams - Statistiken

Allgemein
  • Dieses Quiz wurde 29 mal gespielt
    4 seit der letzten Aktualisierung
  • Das Durchschnittsergebnis liegt bei 26 aus 235
Antwortstatistiken
Vereinsfarben Nation Verein % Korrekt
🔴⚫️ 🇮🇹 Ac Milan
100%
🔴⚪️ 🇳🇱 Ajax Amsterdam
100%
🟡⚫️ 🇩🇪 Borussia Dortmund
100%
🔴🔵 🇪🇸 FC Barcelona
100%
🔴🔵 🇩🇪 FC Bayern München
100%
🔵⚫️ 🇮🇹 Inter Milan
100%
⚫️⚪️ 🇮🇹 Juventus Turin
100%
🔵🔴 🇫🇷 Paris Saint Germain
100%
⚪️📣 🇪🇸 Real Madrid
100%
🔴⚪️🔵 🇪🇸 Atletico Madrid
75%
🔴⚫️ 🇩🇪 Bayer Leverkusen
75%
🔵⚫️ 🇧🇪 Club Brügge
75%
🔴⚪️ 🏴󠁧󠁢󠁥󠁮󠁧󠁿 FC Liverpool
75%
🟠🔴 🇹🇷 Galatasaray
75%
🩵⚪️ 🏴󠁧󠁢󠁥󠁮󠁧󠁿 Manchester City
75%
🔴🟡 🏴󠁧󠁢󠁥󠁮󠁧󠁿 Manchester United
75%
🔵⚪️ 🇸🇦 Al Hilal
50%
🟡🔵 🇸🇦 Al Nassr
50%
🔵⚫️ 🇮🇹 Atalanta Bergamo
50%
🔴⚪️ 🇪🇸 Athletic Club Bilbao
50%
⚫️⚪️🔴 🇩🇪 Eintracht Frankfurt
50%
🔵⚪️ 🏴󠁧󠁢󠁥󠁮󠁧󠁿 FC Everton
50%
🩵⚪️ 🇫🇷 Olympique Marseille
50%
🔴⚪️ 🇳🇱 PSV Eindhoven
50%
🩵⚪️ 🇮🇹 SSC Napoli
50%
🔴⚪️ 🇩🇪 1FC Köln
25%
🔴⚪️ 🇩🇪 1FC Union Berlin
25%
🟡⚫️ 🇬🇷 AEK Athen
25%
🔴⚫️ 🏴󠁧󠁢󠁥󠁮󠁧󠁿 AFC Bournemouth
25%
🔴⚪️ 🇲🇨 AS Monaco
25%
🔴⚪️ 🇵🇹 Benfica Lissabon
25%
⚫️⚪️ 🇹🇷 Besiktas Istanbul
25%
🔵🟡 🇦🇷 Boca Juniors
25%
🫑⚪️ 🏴󠁧󠁢󠁳󠁣󠁴󠁿 Celtic Glasgow
25%
🔵⚪️ 🇮🇹 Como
25%
⚪️🟢🔴 🇩🇪 FC Augsburg
25%
🔵⚪️ 🏴󠁧󠁢󠁥󠁮󠁧󠁿 FC Chelsea
25%
🔵⚪️ 🇩🇰 FC Kopenhagen
25%
⚪️🔴 🇪🇸 FC Sevilla
25%
🔵🟡 🇹🇷 Fenerbahçe Istanbul
25%
🔵⚪️⚫️ 🇩🇪 Hamburger SV
25%
🩷⚫️ 🇺🇸 Inter Miami
25%
🟡🔵 🇺🇸 LA Galaxy
25%
🩵⚪️ 🇮🇹 Lazio Rom
25%
🔴⚪️ 🇩🇪 Mainz 05
25%
⚫️⚪️ 🏴󠁧󠁢󠁥󠁮󠁧󠁿 Newcastle united
25%
⚪️🔵🔴 🇫🇷 Olympique Lyon
25%
🔴⚪️ 🇩🇪 RB Leipzig
25%
🟢⚪️ 🇪🇸 Real Betis
25%
⚪️🔴 🇦🇷 River Plate
25%
⚪️🔴 🇧🇪 Royal Antwerp FC
25%
🫑⚪️ 🇵🇹 Sporting Lissabon
25%
⚪️🔵 🏴󠁧󠁢󠁥󠁮󠁧󠁿 Tottenham Hotspurs
25%
🟢⚪️ 🇩🇪 VFL Wolfsburg
25%
🫘🔵 🏴󠁧󠁢󠁥󠁮󠁧󠁿 West Ham United
25%
🔴⚫️ 🇩🇪 1 FC. Nürnberg
0%
🟣⚪️ 🇮🇹 AC Florenz
0%
🫑⚪️ 🇬🇭 Aduana Stars
0%
🫑⚪️ 🇸🇦 Al Ahli
0%
🔴⚪️ 🇪🇬 Al Ahly
0%
🟣⚪️ 🇦🇪 Al Ain FC
0%
🟢🟠 🇹🇷 Alanyaspor
0%
🔴⚪️ 🇶🇦 Al Duhail SC
0%
🟢⚪️ 🇸🇦 Al Ettifaq
0%
🟡🔵 🇶🇦 Al Gharafa
0%
🟡⚫️ 🇸🇦 Al Ittihad
0%
🟢🟡 🇸🇦 Al Khaleej
0%
🔴🟡 🇸🇦 Al Qadsiah
0%
⚪️⚫️ 🇸🇦 Al Shabab
0%
🟡🔵🔴 🇲🇽 America
0%
🟡🔵 🇨🇾 Apoel FC
0%
🔴🟠 🇮🇹 AS Roma
0%
🟣🔵 🏴󠁧󠁢󠁥󠁮󠁧󠁿 Aston Villa
0%
🔵⚫️ 🇦🇺 Auckland FC
0%
🔵🩵 🇫🇷 Auxerre
0%
🔵🟠 🇹🇷 Basaksehir
0%
🟡⚫️ 🇳🇴 Bodo Glimt
0%
🔴⚪️ 🇮🇩 Borneo Samarinda
0%
⚫️⚪️🟢 🇩🇪 Borussia Mönchengladbach
0%
⚫️⚪️ 🇧🇷 Botafogo
0%
🔵⚪️ 🏴󠁧󠁢󠁥󠁮󠁧󠁿 Brighton & Hove Albion
0%
🟡🔵 🇩🇰 Bröndby IF
0%
🔴⚪️ 🇳🇴 Bryne FK
0%
🟡⚫️ 🇨🇭 BSC Young Boys
0%
⚪️⚫️ 🇵🇹 C. D. Nacional Madeira
0%
🔵🔴 🇪🇸 CD Osasuna
0%
🩵🔴 🇪🇸 Celta Vigo
0%
🔴🔵 🇵🇾 Cerro Porteno
0%
⚫️🟠 🇪🇸 CF Villareal
0%
🟡⚫️ 🇺🇾 Club Atletico Penarol
0%
⚪️🔵 🇨🇱 Colo Colo
0%
⚫️🩶 🇧🇷 Corinthians
0%
🔴⚪️ 🇮🇹 Cremonese
0%
🔵⚪️ 🇧🇷 Cruzeiro
0%
🔴🔵 🏴󠁧󠁢󠁥󠁮󠁧󠁿 Crystal Palace
0%
🩵⚪️ 🇰🇷 Daegu FC
0%
🔵📣 🇩🇪 Delay Sports Berlin
0%
🔵⚪️ 🇪🇸 Deportivo Alaves
0%
🔵 🇭🇷 Dinamo Zagreb
0%
🔵⚪️ | 🔵🟡 🇺🇦 Dynamo Kiew
0%
⚪️🔵 🇪🇸 Espanyol Barcelona
0%
🔵⚪️ 🏴󠁧󠁢󠁳󠁣󠁴󠁿 Falkirk
0%
🔴⚪️ 🏴󠁧󠁢󠁳󠁣󠁴󠁿 FC Aberdeen
0%
🔵🔴 🇦🇩 FC Andorra
0%
🔴⚪️ 🏴󠁧󠁢󠁥󠁮󠁧󠁿 FC Arsenal
0%
🔵🔴 🇨🇭 FC Basel 1893
0%
🩷⚫️ 🇩🇪 FC Bewegung
0%
🔵🥊 🇮🇹 FC Bologna
0%
🔴⚪️ 🏴󠁧󠁢󠁥󠁮󠁧󠁿 FC Brentford
0%
🍇🔵 🏴󠁧󠁢󠁥󠁮󠁧󠁿 FC Burnley
0%
⚪️🫑 🇪🇸 FC Elche
0%
⚪️⚫️ 🏴󠁧󠁢󠁥󠁮󠁧󠁿 FC Fulham
0%
🔴🖌️ 🇮🇹 FC Genoa
0%
🔵⚪️ 🇪🇸 FC Getafe
0%
🔴⚪️ 🇪🇸 FC Girona
0%
🔴⚪️ 🇪🇸 FC Granada
0%
🫑⚪️ 🇳🇱 FC Gronigen
0%
🔴🔵 🇩🇪 FC Heidenheim
0%
🟠⚫️ 🇫🇷 FC Lorient
0%
⚫️⚪️ 🇨🇭 FC Lugano
0%
🔴⚫️ 🇩🇰 FC Midtjylland
0%
🟡🟢 🇫🇷 FC Nantes
0%
⚪️⚫️ 🇦🇲 FC Noah
0%
🔵⚪️ 🇵🇹 FC Porto
0%
🔵⚪️ 🇩🇪 FC Schalke 04
0%
🔴⚪️ 🏴󠁧󠁢󠁥󠁮󠁧󠁿 FC Sunderland
0%
🔴⚫️ 🇨🇦 FC Toronto
0%
🫘⚪️ 🇮🇹 FC Turin
0%
🔴⚪️ 🇳🇱 FC Utrecht
0%
🟡🔵🔴 🇪🇸 FC Villareal
0%
🟠⚪️ 🇳🇱 FC Voldendam
0%
⚪️🖌️ 🇨🇭 FC Zürich
0%
🟢⚪️ 🇭🇺 Ferencvárosi TC
0%
🟡⚫️ 🇰🇿 FK Qairat Almaty
0%
🟡🫑 🇳🇱 Fortuna Sittard
0%
⚪️🔴 🇳🇴 Fredrikstad FK
0%
🔵⚪️ 🏴󠁧󠁢󠁳󠁣󠁴󠁿 Glasgow Rangers
0%
🔴🟡 🇳🇱 Go Ahead Eagles
0%
⚪️🔴🔵 🇵🇱 Górnik Zabrze
0%
🩵⚫️ 🇺🇸 Gotham FC
0%
⚪️🔴 🇭🇷 Hajduk Split
0%
🫘🖌️ 🏴󠁧󠁢󠁳󠁣󠁴󠁿 Hearts
0%
🔵🟡 🇮🇹 Hellas Verona
0%
🔵⚪️ 🇩🇪 Hertha BSC Berlin
0%
🔵⚪️ 🇫🇮 HJK Helsinki
0%
🟡🔴 🇵🇱 Jagiellonia
0%
🫑⚫️ 🇹🇷 Kocaelispor
0%
🟡⚪️ 🇫🇮 KuPS
0%
⚫️📣 🇺🇸 LAFC
0%
⚫️⚪️ 🇦🇹 LASK
0%
🖌️🔴 🇮🇹 Lecce
0%
🔵⚪️ 🇵🇱 Lech Posen
0%
⚪️🔵🟡 🏴󠁧󠁢󠁥󠁮󠁧󠁿 Leeds United
0%
🩵🔵 🇫🇷 Le Havre
0%
⚫️⚪️ 🇵🇾 Libertad
0%
🔴🟢 🇷🇺 Lokomotiv Moskau
0%
🩵⚪️ 🏴󠁧󠁢󠁥󠁮󠁧󠁿 London City
0%
⚪️🔴🔵 🇫🇷 LOSC Lille
0%
🩵⚪️ 🇸🇪 Malmö FF
0%
🟡🟢 🇿🇦 Mamelodi Sundowns FC
0%
🫘⚪️ 🇫🇷 Metz
0%
🩵⚫️ 🇺🇸 Minnesota United
0%
🔵⚪️ 🇳🇴 Molde FK
0%
🔵⚪️ 🇲🇽 Monterrey
0%
🔵⚪️ 🇸🇦 Neom SC
0%
🩵⚫️ 🇺🇸 New York City FC
0%
🔴⚪️ 🏴󠁧󠁢󠁥󠁮󠁧󠁿 Nottingham Forest
0%
⚫️🔴 🇫🇷 OGC Nizza
0%
🔴⚪️ 🇬🇷 Olymiakos Piräus
0%
🔵⚪️ 🇲🇽 Pachuca
0%
⚪️🟡🔵 🇨🇾 Pafos FC
0%
🔵⚫️ 🇦🇪 Palm City
0%
🫑⚪️ 🇧🇷 Palmeiras
0%
🟢⚪️ 🇬🇷 Panathinakos
0%
⚫️⚪️ 🇬🇷 Paok FC
0%
🔵🩵 🇫🇷 Paris FC
0%
🟡🔵 🇮🇹 Parma
0%
⚫️⚪️ 🇷🇸 Partizan Belgrad
0%
🔴⚫️ 🇮🇷 Persepolis
0%
🔵⚫️ 🇮🇹 Pisa
0%
🔴⚫️ 🇺🇸 Portland Thorns
0%
🟠🔵 🇮🇳 Punjab FC
0%
⚪️⚫️ 🇦🇿 Qarabag FK
0%
🩵⚪️ 🇦🇷 Racing Club
0%
🟢⚪️ 🇦🇹 Rapid Wien
0%
⚪️🔴 🇪🇸 Rayo Vallecano
0%
🔴⚪️ 🇺🇸 RB New York
0%
🔴⚪️ 🇦🇹 RB Salzburg
0%
🔴⚫️ 🇪🇸 RCD Mallorca
0%
🩵⚪️ 🇫🇷 RC Strasbourg
0%
⚪️🔵 🇪🇸 Real Oviedo
0%
🔵⚪️ 🇪🇸 Real Sociedad
0%
⚪️🔵 🇭🇷 Rijeka
0%
🟡🔵 🇦🇷 Rosario Central
0%
⚫️⚪️ 🇳🇴 Rosenborg
0%
🔴⚪️ 🇷🇸 Roter Stern Belgrad
0%
🟡🔵 🇧🇪 Royal Union Saint Gilloise
0%
🔴⚪️ 🇹🇷 Samsunspor
0%
⚪️⚫️ 🇧🇷 Santos FC
0%
🟢⚫️ 🇮🇹 Sassuolo Calcio
0%
🔴⚪️ 🇵🇹 SC Braga
0%
⚫️⚪️🔴 🇩🇪 SC Freiburg
0%
⚫️⚪️ 🇫🇷 SCO Angers
0%
🟣⚪️ 🇩🇪 SGS Essen
0%
🟠⚫️ 🇺🇦 Shakhtar Donezk
0%
🫑⚪️ 🇮🇪 Shamrock Rovers
0%
🔴🔵⚪️ 🇨🇳 Shanghai Port FC
0%
🔴⚪️ 🇨🇿 Slavia Prag
0%
🩵⚪️ 🇸🇰 Slovan Bratislava
0%
🫘⚫️ 🇨🇿 Sparta Prag
0%
🔴⚪️ 🇫🇷 Stade Brestois 29
0%
🔴⚫️ 🇫🇷 Stade Rennais FC
0%
🔴🟡🔵 🇷🇴 Steaue Bukarest
0%
🟤⚪️ 🇩🇪 St Pauli
0%
⚫️⚪️ 🇦🇹 Sturm Graz
0%
🟡⚫️ 🇩🇪 SV Veert
0%
🟢⚪️ 🇩🇪 SV Werder Bremen
0%
🟣⚪️ 🇫🇷 Toulouse FC
0%
🩵🫘 🇹🇷 Trabzonspor
0%
🔵⚪️ 🇩🇪 TSG Hoffenheim
0%
🔵⚪️ 🇦🇹 TSV Hartberg
0%
🩶⚫️ 🇮🇹 Udinese Calcio
0%
🔵🔴 🇪🇸 UD Levante
0%
⚪️🔵 🇨🇱 Uni. Católica
0%
⚫️🟠🟡 🇪🇸 Valencia CF
0%
⚪️🔴 🇩🇪 VFB Stuttgart
0%
🔴⚫️ 🇮🇸 Vikingur Reykjavik
0%
🔵🔴 🇨🇿 Viktoria Pilsen
0%
⚫️⚪️ 🇺🇸 Washington Spirit
0%
🟠⚫️ 🏴󠁧󠁢󠁥󠁮󠁧󠁿 Wolverhampton Wonderers
0%
🔴⚪️ 🇲🇦 Wydad Casablanca
0%
⚪️🔵🩵 🇷🇺 Zenit St Petersburg
0%
Keine übereinstimmenden Quizze gefunden
Verteilung der Resultate
Anzahl Personen mit jedem Resultat
Perzentil nach korrekt beantworteten Fragen
Ihre Resultats-Entwicklung
Sie haben dieses Quiz seit der letzten Aktualisierung nicht gespielt